Movies with Ketchup Quiz Stats

 Plays Quiz Updated Mar 14, 2020

Support Sporcle.
Go Orange.
Score 0/22 Timer 07:00
1 Play Today
% Correct
Grease
91.8%
Dumb and Dumber
88.9%
When Harry Met Sally...
88.6%
The Blues Brothers
85.8%
The Hangover Part II
75.1%
Reservoir Dogs
72.2%
Pulp Fiction
67.2%
Goodfellas
59.6%
Looper
54.6%
Natural Born Killers
53.1%
Mystic Pizza
52.3%
% Correct
Smokey and the Bandit
50.8%
Heat
48.3%
E.T. the Extra-Terrestrial
47.4%
Road to Perdition
47.1%
Bad Teacher
45.7%
Boogie Nights
40.2%
Total Recall
38.7%
A History of Violence
38.5%
Moonlight
27.4%
Blue Velvet
26.7%
Fried Green Tomatoes
21%

From the Vault

Movies That Lost a Word

by MSUKent

Movies 6m
Without words, movies are just pictures.
Remove Ads.
Support Sporcle.
Get the best of Sporcle when you Go Orange. This ad-free experience offers more features, more stats, and more fun while also helping to support Sporcle. Thank you for becoming a member.

Show Comments

Extras

Top Quizzes Today


Score Distribution

Your Account Isn't Verified!

In order to create a playlist on Sporcle, you need to verify the email address you used during registration. Go to your Sporcle Settings to finish the process.

Report this User

Report this user for behavior that violates our Community Guidelines.

Details: